000 01096nam a22003257a 4500
003 CHAP
005 20220329133753.0
008 971013s1976 r 00010 d
010 _a10628
011 _a11600
035 _a10839
040 _cCHAP
082 _a636.5
_bB3
100 0 0 _aBajnev, Dimitar.
_99514
245 _aEmbriología de aves y animales domésticos
260 _aLa Habana :
_bRevolucionaria,
_c1976
300 _a305 p.
_b: ilus
590 _aBATCH-UPD
_b10
_c20130110
_lUCH01
_h0254
590 _aBATCH-UPD
_b10
_c20130110
_lUCH01
_h1010
590 _aBATCH-UPD
_b10
_c20130409
_lUCH01
_h2325
590 _aBATCH-UPD
_b10
_c20130914
_lUCH01
_h1258
590 _aCONVERSION
_b10
_c20130109
_lUCH01
_h1307
650 1 4 _aEmbriología
_xAves de corral.
_936487
650 1 4 _aEmbriología
_xVertebrados.
_936492
901 _aBK
942 _cLIBRO
949 _a636.5 B3
_bBC
_cLIBRO
_d33724000101572
_eLIBRO
_h41231
_i10839
_si
949 _a636.5 B3
_bBC
_cLIBRO
_d33724000101580
_eLIBRO
_fc.2
_h44502
_i10839
_si
949 _a636.5 B3
_bBC
_cLIBRO
_d33724000939286
_eLIBRO
_fc.3
_h46049
_i10839
_si
999 _c10628
_d10628